The Holy Qur-ān : (Record no. 32513)
[ view plain ]
| 000 -LEADER | |
|---|---|
| fixed length control field | 00818nam a2200241 a 4500 |
| 001 - CONTROL NUMBER | |
| control field | 32513 |
| 003 - CONTROL NUMBER IDENTIFIER | |
| rucl marc code | BD-RjUL |
| 005 - DATE AND TIME OF LATEST TRANSACTION | |
| control field | 20211209051840.0 |
| 008 - FIXED-LENGTH DATA ELEMENTS--GENERAL INFORMATION | |
| fixed length control field | 140427s1973 ii 000 0 eng d |
| 035 ## - SYSTEM CONTROL NUMBER | |
| System control number | (BD-RjUL)32602 |
| 040 ## - CATALOGING SOURCE | |
| Original cataloging agency | UkOxU |
| Language of cataloging | eng |
| Transcribing agency | UkOxU |
| Modifying agency | BD-RjUL |
| 041 1# - LANGUAGE CODE | |
| Language code of text/sound track or separate title | engara |
| Language code of original | ara |
| 082 04 - DEWEY DECIMAL CLASSIFICATION NUMBER | |
| Classification number | 297.122521 |
| Author mark and year | HOL V-1 1973 |
| 245 04 - TITLE STATEMENT | |
| Title | The Holy Qur-ān : |
| Remainder of title | Arabic text with an English translation and commentary / |
| Statement of responsibility, etc. | by 'Abdullāh Yūsuf 'Alī |
| Number of part/section of a work | Vol 1 : |
| Name of part/section of a work | Containing Introductiory Matter and Suras I to Ix |
| 250 ## - EDITION STATEMENT | |
| Edition statement | 3 vol. ed. |
| 260 ## - PUBLICATION, DISTRIBUTION, ETC. (IMPRINT) | |
| Place of publication, distribution, etc. | Delhi : |
| Name of publisher, distributor, etc. | Kitab Publishing House, |
| Date of publication, distribution, etc. | 1973. |
| 300 ## - PHYSICAL DESCRIPTION | |
| Pagination | 468 p. ; |
| Size | 27 cm |
| 650 #0 - SUBJECT ADDED ENTRY--TOPICAL TERM | |
| Topical term or geographic name as entry element | Qurʼan -- Criticism, interpretation |
| 9 (RLIN) | 98919 |
| 700 1# - ADDED ENTRY--PERSONAL NAME | |
| Personal name | Ali, Abdullah Yusuf, |
| Dates associated with a name | 1872-1952. |
| 942 ## - ADDED ENTRY ELEMENTS (KOHA) | |
| Source of classification or shelving scheme | Dewey Decimal Classification |
| Koha item type | Books |
| Lost status | Source of classification or shelving scheme | Damaged status | Not for loan | Collection code | Permanent Location | Current Location | Shelving location | Date acquired | Source of acquisition | Total Checkouts | Full call number | Date last seen | Copy number | Koha item type |
|---|---|---|---|---|---|---|---|---|---|---|---|---|---|---|
| Dewey Decimal Classification | Non-fiction | Central Library, University of Rajshahi | Central Library, University of Rajshahi | 08/06/1975 | India Govt. Gift | 297.122521 HOL V-1 1973 | 27/04/2014 | C-3 | Books | |||||
| Dewey Decimal Classification | Not For Loan | Non-fiction | Central Library, University of Rajshahi | Central Library, University of Rajshahi | Reading Room | 29/08/1979 | Saudi Embasy,Dacca | 297.122521 HOL V-1 1973 | 01/09/2022 | C-1 | Books |